000 00505cam a2200145 4500500
005 20250921004702.0
041 _afre
042 _adc
100 1 0 _aMouton, Nicolas
_eauthor
245 0 0 _aVincent Almendros, Un été. Minuit, 2015, 96 p., 11,50 €
260 _c2015.
500 _a64
786 0 _nLa Nouvelle Revue française | 614 | 4 | 2015-09-10 | p. 137-138 | 0029-4802
856 4 1 _uhttps://shs.cairn.info/revue-la-nouvelle-revue-francaise-2015-4-page-137?lang=fr&redirect-ssocas=7080
999 _c1508135
_d1508135